Laurie baker : (Record no. 143471)

MARC details
000 -LEADER
fixed length control field 00545nam a22001817a 4500
005 - DATE AND TIME OF LATEST TRANSACTION
control field 20170818163506.0
010 ## - LCCN (DPL NO)
LC control number ENG-119785
020 ## - INTERNATIONAL STANDARD BOOK NUMBER
International Standard Book Number 9788179253984
Terms of availability 350.00
035 ## - SYSTEM CONTROL NUMBER
System control number EN-103317
037 ## - SOURCE OF ACQUISITION
Source of stock number/acquisition DBAD/PUB
082 ## - DEWEY DECIMAL CLASSIFICATION NUMBER
Classification number 720.92
100 ## - MAIN ENTRY--PERSONAL NAME
Personal name Deulgaonkar, Atul
245 ## - TITLE STATEMENT
Title Laurie baker :
Statement of responsibility, etc by Vasudeo Kamath
Remainder of title truth in architecture /
260 ## - PUBLICATION, DISTRIBUTION, ETC. (IMPRINT)
Place of publication, distribution, etc Pune
Name of publisher, distributor, etc Jyotsna Prakashan
Date of publication, distribution, etc 2016
270 ## - ADDRESS
Address 'Dhavalgiri' 430-31, Shaniwar Peth,
City Pune
Postal code 411030
300 ## - PHYSICAL DESCRIPTION
Extent 196p. :
Dimensions 22cm(pbk)
Other physical details ill.
942 ## - ADDED ENTRY ELEMENTS (KOHA)
Source of classification or shelving scheme Dewey Decimal Classification
Item type English Books
Classification part 720.92
Call number suffix DEU
Holdings
Withdrawn status Lost status Not for loan Collection code Home library Current library Date acquired Source of acquisition Cost, normal purchase price Full call number Barcode Copy number Cost, replacement price Koha item type
    Not For Loan Non-fiction D.B.Act.Division D.B.Act.Division 17/08/2017 DBAD/PUB 350.00 720.92 DEU EN-103317 1 350.00 English Books

© Delhi Public Library
Hit Counter
free hit counter